Malibu Bluff /

"Every summer is curated as a dream for six twenty-something seasonaires handpicked by Lyndon Wyld, the chic founder of her namesake clothing line. This summer takes these influential brand ambassadors to the West Coast. Mia, a resourceful young designer, is chosen to lead the pack--roped back...

Full description

Bibliographic Details
Main Author: King Kalichman, Janna (Author)
Format: Book
Language:English
Published: New York, NY : Pegasus Books, 2019.
Edition:First Pegasus Books edition.
Series:King Kalichman, Janna. Seasonaires ; 2.
Subjects:

MARC

Tag First Indicator Second Indicator Subfields
LEADER 00000cam a2200000Ii 4500
001 in00004172421
008 180924s2019 nyu 000 f eng d
005 20250318222448.4
020 |a 1643130668  |q (hardback) 
020 |a 9781643130668 
035 |a (OCoLC)1054000542 
035 |a (OCoLC)on1054000542 
040 |a YDX  |b eng  |e rda  |c YDX  |d BDX  |d OCLCQ  |d YDXIT  |d OCLCF  |d NYP  |d IMD  |d NZAUC  |d UtOrBLW 
043 |a n-us-ca 
050 4 |a PS3611.I5895  |b M35 2019 
082 0 4 |a 813/.6  |2 23 
100 1 |a King Kalichman, Janna,  |e author.  |0 http://id.loc.gov/authorities/names/no2012110341 
245 1 0 |a Malibu Bluff /  |c Janna King. 
250 |a First Pegasus Books edition. 
264 1 |a New York, NY :  |b Pegasus Books,  |c 2019. 
300 |a xi, 308 pages ;  |c 24 cm. 
336 |a text  |b txt  |2 rdacontent 
337 |a unmediated  |b n  |2 rdamedia 
338 |a volume  |b nc  |2 rdacarrier 
490 1 |a A Seasonaires novel 
520 |a "Every summer is curated as a dream for six twenty-something seasonaires handpicked by Lyndon Wyld, the chic founder of her namesake clothing line. This summer takes these influential brand ambassadors to the West Coast. Mia, a resourceful young designer, is chosen to lead the pack--roped back into a second season by a deal she can't refuse, and the hope to leave behind her grief over her mother's death for the California sun. Mia is thankful that she won't have to live with Presley, a former seasonaire who is now handling Lyndon Wyld's public relations after making a meal out of the tragedy that struck in Nantucket the summer before. In Malibu, she will share a stunning modern manse with Eve, an outspoken activist; Alex a gorgeous boundary pusher; Chase, a warm-hearted surfer; Oliver, a preppy charmer; and enigmatic Brandon, the son of Lyndon's business partner. Brandon is also the producer of the brand's new digital channel, which will up the stakes for the seasonaires' exposure. Their antics are juicy entertainment for their throngs of fans and followers. But trouble from Mia's past comes back to haunt her, threatening not just her future, but the fate of the other seasonaires. And when the line between what's real and what's staged gets blurred, the results could be deadly."--  |c Provided by publisher. 
650 0 |a Fashion designers  |v Fiction.  |0 http://id.loc.gov/authorities/subjects/sh2009124154 
650 0 |a Fashion merchandising  |v Fiction. 
650 0 |a Internet marketing  |v Fiction. 
650 0 |a Interpersonal relations  |v Fiction.  |0 http://id.loc.gov/authorities/subjects/sh2008104850 
650 0 |a Seasonal labor  |v Fiction. 
650 7 |a Fashion merchandising.  |2 fast  |0 (OCoLC)fst00921644 
650 7 |a Interpersonal relations.  |2 fast  |0 (OCoLC)fst00977397 
650 7 |a Social media.  |2 fast  |0 (OCoLC)fst01741098 
650 7 |a Young adults.  |2 fast  |0 (OCoLC)fst01183198 
651 0 |a Malibu (Calif.)  |v Fiction. 
651 7 |a California  |z Malibu.  |2 fast  |0 (OCoLC)fst01208494 
655 7 |a Fiction.  |2 fast  |0 (OCoLC)fst01423787 
655 7 |a Psychological fiction.  |2 lcgft  |0 http://id.loc.gov/authorities/genreForms/gf2014026492 
655 7 |a Thrillers (Fiction)  |2 lcgft  |0 http://id.loc.gov/authorities/genreForms/gf2014026571 
800 1 |a King Kalichman, Janna.  |t Seasonaires ;  |v 2. 
852 8 |b pda,print  |z This title is available for the library to purchase for your use. Click the "Purchase It For Me" button to place a request. This item may take 5-10 business days to arrive. 
955 |a Print PDA title 
999 f f |s dab408f5-9f3b-42c1-83a6-89df82b088c3  |i 4d6ee8a0-86d5-3cda-8cb6-cb2b079170ae  |t 0 
952 f f |a Texas A&M University  |b College Station  |c Sterling C. Evans Library  |d Purchase on Demand  |t 0  |e PS3611.I5895 M35 2019  |h Library of Congress classification 
998 f f |a PS3611.I5895 M35 2019  |t 0  |l Purchase on Demand